Estadísticas para Prueba de Cuba

Haz click aquí para tomar la prueba!

Estadísticas generales

  • Esta prueba ha sido tomada 376 veces
  • La puntuación promedio es 16 de 22

Estadísticas de respuestas

PistaRespuesta% Correcto
Idioma oficialEspañol
100%
CapitalLa Habana
99%
Cuba toca este marMar Caribe
96%
MonedaPeso
93%
Líder de la Revolución CubanaFidel Castro
92%
El revolucionario marxista con boinaErnesto Guevara
90%
... y este golfoGolfo de México
83%
El deporte más popularBéisbol
82%
Cuba es parte de este grupo de islas{Antillas} Mayores
76%
¿Qué fue abolido en 1886?Esclavitud
74%
Crisis de la Guerra Fría de 1962Crisis de los
{misiles} en Cuba
73%
El partido político que controla CubaComunista
73%
La base naval americana en CubaBahía de
Guantánamo
72%
Cóctel hecho de ron, limón y mentaMojito
72%
El ron está hecho de esta plantaCaña de azúcar
71%
Lugar de una invasión fallida planeada por los EE.UU.Bahía de {Cochinos}
62%
Danza popularizada por Pérez Prado
(pista: comienza con M)
Mambo
62%
La plaza pública más grandePlaza de la
{Revolución}
59%
Dictador derrocado en 1959Fulgencio Batista
58%
La segunda ciudad más grandeSantiago de Cuba
52%
El producto de exportación más famoso de CubaCigarros
40%
El cabaret más famoso
(pista: comienza con T)
Tropicana
31%

Distribución de puntuación

Porcentaje por número respondido

Porcentaje de gente con cada puntuación

Historial de tus puntuaciones

No has tomado esta prueba